[Event "Sydney International Open"]
[Site "*"]
[Date "2007.07.14"]
[Round "9.42"]
[White "Voon, Richard"]
[Black "Yuen, Jonathan"]
[Result "1/2-1/2"]
[WhiteElo "2023"]
[BlackElo "1670"]
[PlyCount "104"]

1. d4 Nf6 2. c4 e5 3. dxe5 Ng4 4. Nf3 Bc5 5. e3 Nc6 6. a3 a5 7. Qd5 Qe7 8. Nc3
Ngxe5 9. Be2 d6 10. b3 Be6 11. Qd2 O-O 12. Bb2 Nxf3+ 13. Bxf3 Ne5 14. Be2 Qg5
15. g3 Ng4 16. h4 Qf5 17. Bd3 Qf6 18. O-O Qh6 19. Kg2 f5 20. Rae1 g5 21. Rh1 f4
22. hxg5 fxe3 23. Rxh6 exd2 24. Rexe6 Rxf2+ 25. Kh3 Nxh6 26. Rxh6 Bd4 27. Nd1
Bxb2 28. Nxf2 Re8 29. Kg2 Re1 30. Bxh7+ Kg7 31. Bc2 Rc1 32. Bd1 Bd4 33. Rh1
Bxf2 34. Kxf2 Kg6 35. Ke2 Kxg5 36. Kxd2 Ra1 37. a4 Ra2+ 38. Ke3 Rg2 39. g4 c6
40. Rh5+ Kf6 41. Rxa5 Rg1 42. Kd2 Rg2+ 43. Kc1 Ke6 44. Ra7 Ke5 45. Rxb7 Kd4 46.
Rb6 Kc3 47. Rxc6 Ra2 48. Kb1 Rd2 49. Bf3 Rf2 50. Bd5 Rf1+ 51. Ka2 Rf2+ 52. Ka3
Rf1 1/2-1/2

[Event "Sydney International Open"]
[Site "*"]
[Date "2007.07.14"]
[Round "9.43"]
[White "Cvetkoski, Tode"]
[Black "Hornsgaard, Jens Boe"]
[Result "0-1"]
[WhiteElo "1705"]
[BlackElo "2076"]
[PlyCount "58"]

1. e4 e5 2. Nf3 Nc6 3. c3 d5 4. exd5 Qxd5 5. c4 Qd6 6. Nc3 Nf6 7. h3 Bf5 8. Be2
Be7 9. a3 O-O 10. O-O Rad8 11. b4 a6 12. Re1 Rfe8 13. Bf1 Bf8 14. Nh4 Bd3 15.
c5 Qd7 16. Bxd3 Qxd3 17. Re3 Qc4 18. Bb2 Qxh4 19. Ne2 a5 20. Bc3 axb4 21. axb4
Nd5 22. Rg3 Nxc3 23. Nxc3 Qxb4 24. Rb1 Qxc5 25. Qg4 Re6 26. Ne4 Qd4 27. Qe2 Rg6
28. Rf3 Qd5 29. Qf1 Qxe4 0-1

[Event "Sydney International Open"]
[Site "*"]
[Date "2007.07.14"]
[Round "9.44"]
[White "Lo, Anthony"]
[Black "Tulevski, Vasil G"]
[Result "0-1"]
[WhiteElo "1676"]
[BlackElo "2001"]
[PlyCount "114"]

1. d4 d5 2. Nf3 Nf6 3. Bf4 e6 4. e3 Be7 5. c4 O-O 6. c5 b6 7. b4 a5 8. bxa5
bxc5 9. dxc5 Rxa5 10. Ne5 Bxc5 11. Qb3 Nfd7 12. Nd3 Bb6 13. Nd2 c5 14. Ne5 Nxe5
15. Bxe5 Nd7 16. Bc3 Ra8 17. Bb5 Ba5 18. O-O Bxc3 19. Qxc3 c4 20. Nf3 Qa5 21.
Qxa5 Rxa5 22. a4 Nc5 23. Ne5 Bb7 24. Rfb1 Nb3 25. Ra3 Rfa8 26. Raxb3 cxb3 27.
Rxb3 f6 28. Nd7 Rc8 29. h3 Rc1+ 30. Kh2 Rc7 31. Nb6 Kf7 32. Rd3 Ba6 33. e4 Bxb5
34. axb5 Rxb5 35. Na4 Rb4 36. Nc3 Rb3 37. Nxd5 Rxd3 38. Nxc7 Ke7 39. f3 Kd7 40.
Na6 Rc3 41. Nb4 Kd6 42. Kg3 Kc5 43. Na6+ Kb5 44. Nb8 Rc7 45. Kf4 Kb6 46. e5 Kb7
47. exf6 gxf6 48. g4 Kxb8 49. h4 Rc4+ 50. Ke3 e5 51. Kf2 Rc3 52. Kg2 Kc7 53. g5
fxg5 54. hxg5 Kd6 55. Kg3 e4 56. Kg4 exf3 57. Kh5 f2 0-1

[Event "Sydney International Open"]
[Site "*"]
[Date "2007.07.14"]
[Round "9.45"]
[White "Smith, Vivian"]
[Black "Selnes, Hamish"]
[Result "1-0"]
[WhiteElo "1742"]
[BlackElo "1976"]
[PlyCount "91"]

1. e4 c5 2. Nc3 Nc6 3. f4 g6 4. Nf3 Bg7 5. Bc4 e6 6. O-O Nge7 7. d3 d5 8. Bb5
O-O 9. Bxc6 Nxc6 10. e5 a6 11. Ne2 f6 12. exf6 Bxf6 13. c3 e5 14. fxe5 Nxe5 15.
Nxe5 Bxe5 16. Bf4 Bxf4 17. Rxf4 Bf5 18. Ng3 Be6 19. Rxf8+ Qxf8 20. Qd2 Qd6 21.
Rf1 Rf8 22. Rxf8+ Qxf8 23. d4 b6 24. Qf2 Qe7 25. Ne2 Bf5 26. Ng3 Bd3 27. Qd2 c4
28. Nf1 Bxf1 29. Kxf1 Qe4 30. Qe1 Qxe1+ 31. Kxe1 Kf7 32. Ke2 Kf6 33. Kf3 Kf5
34. g4+ Kf6 35. h3 g5 36. Ke3 Ke6 37. Kd2 Kd6 38. Kc2 Kc6 39. Kc1 b5 40. Kc2
Kb6 41. Kb1 Ka5 42. b4+ Ka4 43. Kb2 h6 44. a3 a5 45. Ka2 axb4 46. axb4 1-0

[Event "Sydney International Open"]
[Site "*"]
[Date "2007.04.14"]
[Round "9.46"]
[White "Canfell, Mike J"]
[Black "Gearing, Michael"]
[Result "1-0"]
[WhiteElo "1976"]
[BlackElo "1661"]
[PlyCount "105"]

1. e4 c5 2. Nf3 d6 3. d4 cxd4 4. Nxd4 Nf6 5. Nc3 g6 6. Be3 Bg7 7. f3 O-O 8. Qd2
Nc6 9. O-O-O d5 10. exd5 Nxd5 11. Nxc6 bxc6 12. Bd4 e5 13. Bc5 Be6 14. Ne4 Re8
15. Bc4 f5 16. Ng5 Bh6 17. h4 Qc7 18. Kb1 Bxg5 19. hxg5 Rab8 20. Ka1 Rbd8 21.
b3 Rd7 22. Ba3 Red8 23. Bb2 Nf4 24. Bxe6+ Nxe6 25. Qe2 Rxd1+ 26. Rxd1 Rxd1+ 27.
Qxd1 Qd8 28. Qxd8+ Nxd8 29. Bxe5 Ne6 30. f4 Kf7 31. Kb2 Nd8 32. Kc3 Ke6 33. Kc4
Nb7 34. b4 a6 35. Kd4 Kd7 36. c4 Ke6 37. a4 Kd7 38. b5 axb5 39. axb5 cxb5 40.
cxb5 Ke6 41. Kc4 Kd7 42. Kd5 Na5 43. Kc5 Kc8 44. Kd6 Nc4+ 45. Ke6 Kb7 46. Kf7
Ne3 47. g3 Nf1 48. Kg7 Nxg3 49. Kxh7 Kb6 50. Kxg6 Kxb5 51. Kf7 Kc5 52. g6 Nh5
53. Ke6 1-0

[Event "Sydney International Open"]
[Site "*"]
[Date "2007.04.14"]
[Round "9.47"]
[White "Wan, Dennis"]
[Black "Holland, Dennis"]
[Result "1-0"]
[WhiteElo "1525"]
[BlackElo "1961"]
[PlyCount "49"]
[EventDate "2007.??.??"]

1. Nf3 d5 2. d4 c5 3. c3 cxd4 4. cxd4 Nc6 5. Bf4 Bf5 6. Qb3 Na5 7. Qb5+ Nc6 8.
Qxb7 Rc8 9. e3 e5 10. Bb5 exf4 11. Bxc6+ Bd7 12. Ne5 Nf6 13. O-O Bd6 14. Nxd7
Nxd7 15. Nc3 Rc7 16. Qb5 fxe3 17. Nxd5 Rc8 18. fxe3 Qh4 19. Bxd7+ Kf8 20. Nf4
g5 21. Qxg5 Qxg5 22. Ne6+ Ke7 23. Nxg5 Kxd7 24. Rxf7+ Kc6 25. Rxa7 1-0

[Event "Sydney International Open"]
[Site "*"]
[Date "2007.07.14"]
[Round "9.48"]
[White "Dickson, Ian C"]
[Black "Stahnke, Alexander"]
[Result "1/2-1/2"]
[WhiteElo "1923"]
[BlackElo "1429"]
[PlyCount "97"]

1. Nf3 Nf6 2. c4 g6 3. b4 Bg7 4. Bb2 O-O 5. e3 d6 6. Be2 Nbd7 7. O-O b6 8. d4
Bb7 9. Nc3 Rb8 10. Qc2 c5 11. bxc5 bxc5 12. d5 a6 13. a4 Qc7 14. Rfb1 Rfe8 15.
h3 Nf8 16. Ng5 h6 17. Nf3 e6 18. e4 e5 19. Bc1 N6h7 20. Rb3 Ba8 21. Rab1 Rxb3
22. Qxb3 Nd7 23. Qc2 Rb8 24. Rxb8+ Qxb8 25. Qb2 Qb6 26. Qxb6 Nxb6 27. a5 Nd7
28. Bd1 Bb7 29. Ba4 Nb8 30. Nd2 Kf8 31. f3 Ke7 32. Kf2 f5 33. Ba3 f4 34. Nb3
Nd7 35. Nd2 g5 36. Ne2 Nhf6 37. Bb2 h5 38. g3 h4 39. gxh4 gxh4 40. Nf1 Bh6 41.
Nh2 Bg5 42. Ng4 Nxg4+ 43. fxg4 Nf6 44. Kf3 Bc8 45. Bc6 Kd8 46. Ba4 Bd7 47. Bc2
Ke7 48. Ng1 Kf7 49. Kf2 1/2-1/2

[Event "Sydney International Open"]
[Site "*"]
[Date "2007.07.14"]
[Round "9.49"]
[White "Sweeney, Matthew"]
[Black "Tsagarakis, Angelo"]
[Result "0-1"]
[WhiteElo "1267"]
[BlackElo "1901"]
[PlyCount "96"]

1. e4 c5 2. f4 Nc6 3. Nf3 d6 4. Bc4 e6 5. O-O Be7 6. Nc3 a6 7. a3 b5 8. Ba2 Qb6
9. d3 Bb7 10. Be3 Nf6 11. f5 exf5 12. exf5 O-O 13. Qd2 b4 14. Nd5 Nxd5 15. Bxd5
Bf6 16. axb4 Nxb4 17. Bxb7 Qxb7 18. Rab1 Qd5 19. Ng5 Rfe8 20. c4 Qxd3 21. Qxd3
Nxd3 22. Bc1 Nxc1 23. Rbxc1 Bxg5 24. Rcd1 Be3+ 25. Kh1 Bd4 26. b4 Rab8 27. bxc5
dxc5 28. h3 Rb2 29. Ra1 Ree2 30. Rxa6 h6 31. Ra8+ Kh7 32. f6 gxf6 33. Ra7 Kg7
34. Rf4 Rb1+ 35. Kh2 Be5 36. Kg3 Rb3+ 37. Kg4 Rxg2+ 38. Kf5 Bxf4 39. h4 Be5 40.
h5 Rf3+ 41. Ke4 Rf4+ 42. Kd5 Rd2+ 43. Kc6 Rd6+ 44. Kb5 Rf1 45. Ra4 Bd4 46. Ra3
Rb1+ 47. Ka5 Rd8 48. Rg3+ Kh7 0-1

[Event "Sydney International Open"]
[Site "*"]
[Date "2007.04.14"]
[Round "9.50"]
[White "Cohn, Jason"]
[Black "Guo-Yuthok, Sherab"]
[Result "1/2-1/2"]
[WhiteElo "1612"]
[BlackElo "1877"]
[PlyCount "56"]

1. e4 e5 2. Nf3 Nc6 3. Nc3 d6 4. d4 Bg4 5. d5 Nb8 6. h3 Bd7 7. Bd3 Nf6 8. Ne2
a6 9. O-O g6 10. Nh2 Bg7 11. Be3 Qe7 12. c4 O-O 13. Rc1 Ne8 14. Qb3 Bc8 15. c5
f5 16. f3 f4 17. Bf2 Rf7 18. Rc2 Kh8 19. Rfc1 c6 20. Bc4 Rf8 21. cxd6 Nxd6 22.
Bc5 Rf6 23. Qa3 Bf8 24. dxc6 Nxc6 25. Rd1 Qc7 26. Bd5 Bd7 27. Ng4 Bxg4 28. hxg4
Nb5 1/2-1/2

[Event "Sydney International Open"]
[Site "*"]
[Date "2007.04.14"]
[Round "9.52"]
[White "Wu, Edwin"]
[Black "Guo, Emma"]
[Result "1-0"]
[WhiteElo "1875"]
[BlackElo "1535"]
[PlyCount "103"]

1. d4 Nf6 2. Nf3 g6 3. c4 c5 4. e3 d5 5. Nc3 e6 6. b3 Bg7 7. Bb2 O-O 8. Be2 Nc6
9. O-O b6 10. dxc5 bxc5 11. Na4 Ne4 12. Bxg7 Kxg7 13. Nd2 Qe7 14. cxd5 exd5 15.
Nxe4 dxe4 16. Qc2 Bd7 17. Nxc5 f5 18. Rfd1 Be8 19. Qc4 Rf6 20. b4 Rb8 21. a3 f4
22. Qxe4 Qf7 23. Bc4 Qe7 24. Qxe7+ Nxe7 25. Ne6+ Kh8 26. Nxf4 Rc8 27. Be6 Rb8
28. Bd7 Bf7 29. Nd3 Bg8 30. Nc5 Rbf8 31. f3 Nd5 32. e4 Nb6 33. Bb5 Rb8 34. Nd7
Nxd7 35. Bxd7 a5 36. Rab1 Rfb6 37. b5 a4 38. Bc6 Ba2 39. Rb4 Bb3 40. Rd6 Kg8
41. e5 Kf8 42. Rbd4 Kg7 43. Rd7+ Kg8 44. Rd8+ Rxd8 45. Rxd8+ Kg7 46. Rd7+ Kg8
47. Rb7 Rxb7 48. Bxb7 Bc4 49. Bc6 Kf7 50. b6 Ba6 51. b7 Bxb7 52. Bxb7 1-0

[Event "Sydney International Open"]
[Site "*"]
[Date "2007.04.14"]
[Round "9.53"]
[White "Ilic, Ilija"]
[Black "Ninchich, Milan"]
[Result "1/2-1/2"]
[WhiteElo "2170"]
[BlackElo "1647"]
[PlyCount "181"]

1. d4 d5 2. Nc3 Nf6 3. Bf4 c6 4. Qd2 g6 5. O-O-O Bg7 6. f3 O-O 7. Bh6 b5 8. g4
Qa5 9. Bxg7 Kxg7 10. a3 Nbd7 11. h4 Nb6 12. e3 h5 13. gxh5 Nxh5 14. Bd3 Nc4 15.
Bxc4 bxc4 16. Nce2 Qxd2+ 17. Kxd2 Rb8 18. Kc3 Rh8 19. Rb1 Bf5 20. Nh3 Rhe8 21.
Nhf4 Nxf4 22. exf4 Rh8 23. Ng3 Be6 24. Rbe1 Rb7 25. h5 Rh6 26. Re5 gxh5 27.
Nxh5+ Kh8 28. Rg5 Rb8 29. Rgg1 Rd8 30. Ng3 Rxh1 31. Rxh1+ Kg7 32. Rg1 Rh8 33.
b3 Kf8 34. bxc4 dxc4 35. f5 Bd5 36. Ne4 Rh3 37. Rg3 Rh4 38. Nc5 Rf4 39. Nd7+
Ke8 40. Ne5 f6 41. Nxc4 Rxf3+ 42. Rxf3 Bxf3 43. Kb4 Kd7 44. Kc5 Kc7 45. Ne3 Be4
46. c4 Kd7 47. a4 Kc7 48. a5 Kd7 49. Kb4 Kc7 50. c5 Kd7 51. Kc4 Bf3 52. d5 Kc7
53. Kd4 Kd7 54. Kc4 Kc7 55. dxc6 Bxc6 56. Kd4 Kd7 57. Nc2 Bf3 58. Nb4 e5+ 59.
fxe6+ Kxe6 60. Nd3 Kd7 61. Nf4 Kc6 62. Kc4 Be4 63. Kb4 f5 64. Ne2 Kc7 65. Nd4
Bd3 66. Kc3 Be4 67. Kc4 Kb7 68. Ne6 Ka6 69. Kb4 Kb7 70. Kc4 Ka6 71. Kb4 Kb7 72.
Nf4 Bf3 73. Kb5 Bc6+ 74. Kc4 Ka6 75. Kb4 Kb7 76. Ne6 Be4 77. Ng5 Bg2 78. Ne6
Be4 79. Nf4 Bf3 80. Nd3 Be4 81. Ne5 f4 82. Ng4 f3 83. Nf2 Bf5 84. Kb5 Bd7+ 85.
Kc4 Kc6 86. Nd3 Be6+ 87. Kd4 Kb5 88. c6 Kxc6 89. Ne5+ Kb5 90. Nxf3 Kxa5 91. Kc3
1/2-1/2

[Event "Sydney International Open"]
[Site "*"]
[Date "2007.04.14"]
[Round "9.54"]
[White "Lovejoy, David"]
[Black "Christensen, Joshua"]
[Result "1/2-1/2"]
[WhiteElo "2003"]
[BlackElo "1605"]
[PlyCount "148"]

1. e4 c5 2. Nf3 d6 3. d4 cxd4 4. Nxd4 Nf6 5. Nc3 g6 6. g3 Bg7 7. Bg2 O-O 8. h3
a6 9. O-O e5 10. Nde2 Be6 11. Bg5 Qc7 12. Qd2 Nc6 13. Rad1 Rfd8 14. Qe3 Ne7 15.
f4 Rac8 16. fxe5 Ne8 17. exd6 Nxd6 18. Nd5 Bxd5 19. exd5 Re8 20. c3 Nc6 21. Qf2
Ne5 22. Nd4 Qc4 23. Bf6 Qc7 24. Bxg7 Kxg7 25. Qf6+ Kg8 26. Ne6 Qb6+ 27. Kh1
fxe6 28. Qxe5 Nc4 29. Qd4 Qxd4 30. Rxd4 Ne3 31. Rf2 exd5 32. Bxd5+ Nxd5 33.
Rxd5 Re7 34. Kg2 Kg7 35. Rd4 Rc6 36. c4 Rce6 37. b4 Rf6 38. c5 Rxf2+ 39. Kxf2
Kf6 40. a4 Ke5 41. Rd3 Rf7+ 42. Ke2 Ke4 43. g4 Rc7 44. Rd6 Kf4 45. Kd2 Kg3 46.
Rd3+ Kf4 47. Kc3 h5 48. gxh5 gxh5 49. Kd4 h4 50. b5 Kf5 51. Rc3 Ke6 52. c6 bxc6
53. Rxc6+ Rxc6 54. bxc6 Kd6 55. Ke4 Kxc6 56. Kf4 Kd5 57. Kg4 Ke4 58. Kxh4 Kf4
59. Kh5 Kf5 60. a5 Kf4 61. Kg6 Kg3 62. Kf5 Kxh3 63. Kg5 Kg3 64. Kf5 Kf3 65. Ke5
Kg4 66. Kf6 Kf4 67. Ke6 Ke4 68. Kd6 Kf5 69. Kd5 Kf6 70. Kc6 Ke6 71. Kb6 Kd6 72.
Kxa6 Kc6 73. Ka7 Kc7 74. a6 Kc8 1/2-1/2

[Event "Sydney International Open"]
[Site "*"]
[Date "2007.04.14"]
[Round "9.55"]
[White "Davis, Tony J"]
[Black "Ross, Bill"]
[Result "1-0"]
[WhiteElo "1978"]
[BlackElo "1533"]
[PlyCount "53"]

1. d4 Nf6 2. Nc3 d5 3. Bg5 e6 4. e4 Be7 5. e5 Ng8 6. Be3 Bb4 7. Qg4 Bf8 8. h4
f5 9. Qg3 Nc6 10. Nf3 Bd7 11. Be2 Nce7 12. Ng5 c6 13. O-O-O Qc7 14. Rh3 h6 15.
Bh5+ g6 16. Nh7 O-O-O 17. Nxf8 gxh5 18. Qg7 Rxf8 19. Qxf8+ Qd8 20. Qg7 Ng6 21.
Qxg6 Ne7 22. Qxh5 Be8 23. Qe2 Ng6 24. Na4 f4 25. Bd2 Nxh4 26. Rdh1 Nf5 27. Bxf4
1-0

[Event "Sydney International Open"]
[Site "*"]
[Date "2007.04.14"]
[Round "9.56"]
[White "Korenevski, Oleg"]
[Black "Leong, Edward"]
[Result "1-0"]
[WhiteElo "1933"]
[BlackElo "1510"]
[PlyCount "47"]

1. d4 Nf6 2. Nf3 e6 3. e3 d5 4. Bd3 c5 5. b3 Bd6 6. O-O b6 7. Bb2 Bb7 8. c4 O-O
9. Nc3 Nbd7 10. Qe2 e5 11. cxd5 exd4 12. Nb5 Be5 13. exd4 Bxd4 14. Nbxd4 cxd4
15. Nxd4 Re8 16. Qd2 Bxd5 17. Bf5 Nc5 18. Rfe1 Nfe4 19. Qc2 Qg5 20. Re3 Nxf2
21. Rg3 Qf4 22. Qxf2 Qxf2+ 23. Kxf2 g6 24. Bc2 1-0

[Event "Sydney International Open"]
[Site "*"]
[Date "2007.04.14"]
[Round "9.57"]
[White "Parker, Trent"]
[Black "Maroroa, Sue"]
[Result "0-1"]
[WhiteElo "1483"]
[BlackElo "1932"]
[PlyCount "142"]

1. Nf3 Nf6 2. c4 c6 3. Nc3 d5 4. d4 Bf5 5. Bg5 Nbd7 6. e3 e6 7. Qb3 Qb6 8. c5
Qxb3 9. axb3 Ne4 10. Bf4 Nef6 11. b4 Be7 12. b5 O-O 13. bxc6 bxc6 14. b4 Nh5
15. Bc7 Rfc8 16. Ba5 a6 17. Na4 Bd8 18. Bxd8 Rxd8 19. Be2 Rdb8 20. Ra2 Rxb4 21.
O-O Nhf6 22. Rfa1 Rab8 23. Nc3 Ne4 24. Nxe4 Rb1+ 25. Rxb1 Rxb1+ 26. Bf1 Bxe4
27. Nd2 Rb7 28. Nxe4 dxe4 29. Rxa6 Nb8 30. Ra8 Rb1 31. g3 g6 32. Kg2 Kg7 33.
Ba6 Kf6 34. Ra7 Ra1 35. Rb7 Nxa6 36. Rb6 Nc7 37. Rxc6 Nd5 38. Rc8 Rc1 39. h4 h5
40. Ra8 Nb4 41. Ra4 Nd3 42. Ra2 e5 43. f3 exd4 44. exd4 Ne1+ 45. Kf2 Nxf3 46.
Ke3 Re1+ 47. Kf2 Rd1 48. c6 Rxd4 49. Rc2 Rd8 50. Ke3 Rc8 51. Kxe4 Ne5 52. c7
Ke6 53. Rc5 f6 54. Kd4 Kd6 55. Rd5+ Kxc7 56. Rc5+ Kd7 57. Rxc8 Kxc8 58. Kd5 Kd7
59. Ke4 Ke6 60. Kf4 Kd5 61. Ke3 g5 62. hxg5 fxg5 63. Kf2 Ke4 64. Kg2 Ke3 65.
Kh3 Kf3 66. Kh2 g4 67. Kg1 Kxg3 68. Kh1 h4 69. Kg1 h3 70. Kh1 Kf2 71. Kh2 g3+
0-1

[Event "Sydney International Open"]
[Site "*"]
[Date "2007.04.14"]
[Round "9.58"]
[White "Setiabudi, Allen"]
[Black "Descallar, Levi"]
[Result "0-1"]
[WhiteElo "1476"]
[BlackElo "1787"]
[PlyCount "98"]

1. e4 c6 2. d4 g6 3. Nf3 Bg7 4. Bd3 d5 5. exd5 cxd5 6. O-O Nc6 7. c3 Nf6 8. Bf4
O-O 9. Nbd2 Nh5 10. Be3 Qc7 11. Qb3 Rd8 12. Rae1 Nf4 13. Bb5 a6 14. Bxc6 bxc6
15. Bxf4 Qxf4 16. Rxe7 Rb8 17. Qa3 Bf8 18. Rfe1 Be6 19. g3 Qh6 20. Nb3 Rd7 21.
R1xe6 fxe6 22. Rxd7 Bxa3 23. bxa3 Qh5 24. Ne5 Rf8 25. f3 Qf5 26. Nc5 Rb8 27. g4
Qc2 28. Nb3 Qxa2 29. g5 Qxb3 30. Ng4 Qd1+ 31. Kg2 Qd2+ 32. Kg3 Qxg5 33. h4 Qd8
34. a4 h5 35. Rxd8+ Rxd8 36. Ne5 Kg7 37. Nxc6 Rc8 38. Nb4 a5 39. Nd3 Rxc3 40.
Nc5 Kf7 41. Kf4 Ke7 42. Kg5 Rxc5 43. dxc5 e5 44. f4 d4 45. c6 d3 46. c7 Kd7 47.
fxe5 d2 48. e6+ Kxc7 49. e7 Kd7 0-1

[Event "Sydney International Open"]
[Site "*"]
[Date "2007.04.14"]
[Round "9.59"]
[White "Tankel, Alan"]
[Black "Evans, Carrie"]
[Result "1-0"]
[WhiteElo "1780"]
[BlackElo "1461"]
[PlyCount "85"]

1. d4 Nf6 2. c4 g6 3. Nc3 Bg7 4. e4 d6 5. f3 O-O 6. Be3 b6 7. Qd2 c5 8. d5 e6
9. dxe6 Bxe6 10. O-O-O Ne8 11. Nb5 Nc6 12. Nxd6 Nxd6 13. Qxd6 Qf6 14. Qd2 Rad8
15. Qc3 Qxc3+ 16. bxc3 Bxc3 17. Ne2 Rxd1+ 18. Kxd1 Rd8+ 19. Kc2 Bg7 20. Nf4 Bc8
21. Nd5 f5 22. Be2 fxe4 23. fxe4 Re8 24. Bd3 Ne5 25. Rd1 Ng4 26. Bf4 Bd4 27. h3
Nf2 28. Re1 Bd7 29. e5 Ba4+ 30. Kd2 Nxd3 31. Kxd3 Kg7 32. e6 b5 33. Nc7 bxc4+
34. Kxc4 Re7 35. Bd6 Rxc7 36. Bxc7 a6 37. e7 Kf7 38. Bb6 Bf2 39. Re4 Bb5+ 40.
Kd5 Bg1 41. Bxc5 Bxc5 42. Kxc5 h5 43. Kd6 1-0

[Event "Sydney International Open"]
[Site "*"]
[Date "2007.04.14"]
[Round "9.60"]
[White "Yu, Sally"]
[Black "Kumar, Sanjesh"]
[Result "1-0"]
[WhiteElo "1697"]
[BlackElo "1153"]
[PlyCount "117"]

1. e4 c5 2. Nf3 e6 3. c3 Nf6 4. e5 Nd5 5. d4 Nc6 6. Bc4 Nb6 7. Be2 Nd5 8. O-O
cxd4 9. cxd4 d6 10. Nbd2 dxe5 11. dxe5 Qc7 12. Nc4 b6 13. Re1 Be7 14. Bg5 Bxg5
15. Nxg5 O-O 16. Qd3 g6 17. Bf3 Bb7 18. Rac1 Rac8 19. Nd6 Nxe5 20. Rxc7 Nxd3
21. Rxc8 Bxc8 22. Re2 Ba6 23. Rd2 f6 24. Nxe6 Rb8 25. Bxd5 Ne5 26. Nc7+ Kg7 27.
Nxa6 Rd8 28. Ne4 f5 29. Bb3 Rxd2 30. Nxd2 Nd3 31. Nc7 Nxb2 32. Nb5 a6 33. Nc7
a5 34. Nc4 Nxc4 35. Bxc4 h6 36. Nd5 Kf8 37. Nxb6 Ke7 38. Bb5 Kd6 39. Nc4+ Kc5
40. a4 g5 41. Nxa5 f4 42. Nb3+ Kb4 43. f3 h5 44. g3 fxg3 45. hxg3 Kxb3 46. a5
Kb4 47. a6 Kxb5 48. a7 h4 49. gxh4 gxh4 50. a8=Q Kc5 51. Qe4 h3 52. f4 Kd6 53.
f5 Kd7 54. Qe6+ Kc7 55. f6 Kd8 56. Qe7+ Kc8 57. f7 h2+ 58. Kxh2 Kb8 59. f8=R#
1-0

[Event "Sydney International Open"]
[Site "*"]
[Date "2007.04.14"]
[Round "9.61"]
[White "Hvistendahl, Robert"]
[Black "Forster, William"]
[Result "0-1"]
[WhiteElo "1855"]
[BlackElo "1983"]
[PlyCount "40"]

1. e4 c5 2. Nf3 Nc6 3. d4 cxd4 4. Nxd4 g6 5. Nc3 Bg7 6. Be3 Nf6 7. Be2 O-O 8.
O-O d5 9. exd5 Nxd5 10. Nxd5 Qxd5 11. Bf3 Qc4 12. Nxc6 bxc6 13. c3 Be6 14. Qc1
Bd5 15. Bd1 Rfb8 16. Bc2 a5 17. a3 Qb5 18. b3 Bxc3 19. a4 Qb4 20. Rb1 Rb7 0-1

[Event "Sydney International Open"]
[Site "*"]
[Date "2007.04.14"]
[Round "9.62"]
[White "Rachmadi, Herman"]
[Black "Evans, David A"]
[Result "0-1"]
[WhiteElo "1862"]
[BlackElo "1597"]
[PlyCount "100"]

1. h4 d5 2. a4 e5 3. g3 Nf6 4. b3 Nc6 5. Bg2 Bd6 6. Bb2 O-O 7. h5 h6 8. e4 dxe4
9. Nc3 Bg4 10. f3 exf3 11. Bxf3 Bxf3 12. Qxf3 Nd4 13. Qd3 Qe7 14. O-O-O Ba3 15.
g4 Bxb2+ 16. Kxb2 Nh7 17. g5 Nxg5 18. Nh3 Nde6 19. Rdf1 Nxh3 20. Rxh3 Nf4 21.
Qg3 Nxh3 22. Nd5 Qd6 23. Nf6+ Kh8 24. Ng4 Ng5 25. Nxe5 Qd4+ 26. c3 Qxd2+ 27.
Ka3 Qd6+ 28. Kb2 Rae8 29. Rf5 Kg8 30. Qf4 f6 31. Qc4+ Qe6 32. Qxe6+ Rxe6 33.
Ng6 Rd8 34. b4 Nf7 35. Nf4 Re5 36. Rxe5 Nxe5 37. Ne6 Rd2+ 38. Kb3 c6 39. b5 Kf7
40. Nc5 cxb5 41. axb5 b6 42. Ne4 Rh2 43. Nd6+ Kf8 44. Nc8 Rxh5 45. Nxa7 Nd7 46.
c4 Rc5 47. Nc6 Ne5 48. Nb8 Ke7 49. Na6 Rxc4 50. Nb4 Rxb4+ 0-1

[Event "Sydney International Open"]
[Site "*"]
[Date "2007.04.14"]
[Round "9.63"]
[White "Greenwood, Norman"]
[Black "Redgrave, John"]
[Result "0-1"]
[WhiteElo "1515"]
[BlackElo "1857"]
[PlyCount "46"]

1. d4 c5 2. e3 Nf6 3. Bd3 g6 4. Nf3 b6 5. O-O Bb7 6. Nbd2 Bg7 7. c4 e6 8. Rb1
O-O 9. a3 d5 10. b4 cxd4 11. exd4 Ne4 12. Qc2 Nxd2 13. Nxd2 dxc4 14. Qxc4 Qxd4
15. Qc7 Bxg2 16. Kxg2 Qxd3 17. Rb3 Qd5+ 18. Rf3 Nd7 19. Qf4 Ne5 20. Bb2 Nxf3
21. Bxg7 Nxd2+ 22. f3 Nxf1 23. Bxf8 Qd2+ 0-1

[Event "Sydney International Open"]
[Site "*"]
[Date "2007.04.14"]
[Round "9.64"]
[White "Neegam, Gor"]
[Black "Watson, Jean"]
[Result "0-1"]
[WhiteElo "1641"]
[BlackElo "1234"]
[PlyCount "122"]

1. e4 e6 2. d4 d5 3. e5 c5 4. c3 Nc6 5. Nf3 Bd7 6. Be2 Nge7 7. O-O cxd4 8. cxd4
Qb6 9. Nc3 a6 10. Be3 Nf5 11. Bf4 Nfxd4 12. Nxd4 Nxd4 13. Be3 Nxe2+ 14. Qxe2
Qd8 15. Rac1 g6 16. Bd4 Bg7 17. Bc5 Bf8 18. Bd4 Bh6 19. Rc2 O-O 20. Be3 Bg7 21.
Bc5 Re8 22. Qe3 Bc6 23. Re1 f6 24. f4 Rc8 25. Bb6 Qd7 26. Bd4 fxe5 27. Bxe5
Bxe5 28. Qxe5 Qf7 29. Rf1 Qf5 30. Qxf5 exf5 31. Re2 Rxe2 32. Nxe2 Bb5 33. Rf2
Re8 34. Kf1 d4 35. a4 Bc4 36. b3 Bxb3 37. Nxd4 Bxa4 38. Rb2 Re4 39. Rb4 b5 40.
Nc2 Bxc2 41. Rb2 Bd3+ 42. Kf2 Bc4 43. g3 Kf7 44. Kg2 Re2+ 45. Rxe2 Bxe2 46. Kf2
Bc4 47. Ke1 Ke6 48. Kd1 Kd5 49. Kc1 a5 50. Kb1 Kc5 51. Ka1 Kb4 52. Kb1 Kb3 53.
Ka1 a4 54. Kb1 a3 55. Ka1 Kc3 56. Kb1 b4 57. Ka1 b3 58. Kb1 Bd3+ 59. Ka1 b2+
60. Ka2 b1=Q+ 61. Kxa3 Qa1# 0-1

[Event "Sydney International Open"]
[Site "*"]
[Date "2007.04.14"]
[Round "9.65"]
[White "Reid, Vaness"]
[Black "Ren, Jonathan"]
[Result "0-1"]
[WhiteElo "1885"]
[BlackElo "1337"]
[PlyCount "50"]

1. d4 Nc6 2. d5 Ne5 3. f4 Ng6 4. e4 e6 5. c4 Bb4+ 6. Nc3 b6 7. Nf3 Bb7 8. Qb3
Be7 9. Bd3 Bc5 10. Bd2 Nf6 11. O-O-O Ng4 12. Be1 Nxf4 13. g3 Nxd3+ 14. Rxd3 Qe7
15. Na4 O-O-O 16. h3 Nf2 17. Bxf2 Bxf2 18. g4 exd5 19. cxd5 Qxe4 20. Rf1 Ba6
21. Rxf2 Qxd3 22. Qxd3 Bxd3 23. Ne5 Bg6 24. h4 f6 25. Nc4 b5 0-1

[Event "Sydney International Open"]
[Site "*"]
[Date "2007.04.14"]
[Round "9.66"]
[White "Wu, Shirley"]
[Black "Kumar, Dhirendra"]
[Result "1-0"]
[WhiteElo "1502"]
[BlackElo "1314"]
[PlyCount "63"]

1. e4 c5 2. Nf3 d6 3. d4 cxd4 4. Nxd4 Nf6 5. Nc3 e6 6. f4 a6 7. h3 g6 8. Be3
Qa5 9. Bd3 Bg7 10. Qf3 O-O 11. O-O-O Bd7 12. g4 Bc6 13. h4 Nbd7 14. h5 Nc5 15.
h6 Nxd3+ 16. Rxd3 Bh8 17. Nxc6 bxc6 18. Rxd6 c5 19. e5 Nd5 20. Nxd5 exd5 21.
Qxd5 Rfd8 22. Rd1 Rdc8 23. Bxc5 Rf8 24. Rd7 Bg7 25. hxg7 Kxg7 26. Bxf8+ Rxf8
27. Qxa5 h5 28. gxh5 gxh5 29. Rg1+ Kh6 30. Qxa6+ Kh7 31. Rxf7+ Rxf7 32. Qg6+
1-0

[Event "Sydney International Open"]
[Site "*"]
[Date "2007.04.14"]
[Round "9.67"]
[White "McKenzie, Mark"]
[Black "Marquez, Julius Caesar"]
[Result "0-1"]
[WhiteElo "1214"]
[BlackElo "1450"]
[PlyCount "60"]

1. d4 Nf6 2. c4 c5 3. d5 e6 4. Bg5 exd5 5. cxd5 d6 6. e4 Be7 7. Bb5+ Bd7 8. Nc3
O-O 9. Bd3 Re8 10. Nf3 Nxe4 11. Bxe7 Nxc3 12. Bxh7+ Kxh7 13. Qd3+ Kg8 14. O-O
Qxe7 15. bxc3 Qe4 16. Qd2 Na6 17. Rab1 Bg4 18. Ng5 Qg6 19. Rxb7 f6 20. f3 Bc8
21. Rbb1 Qxg5 22. f4 Qg6 23. a3 Nc7 24. c4 Ba6 25. f5 Qg5 26. Qc2 Qe3+ 27. Kh1
Nxd5 28. Qa4 Nc3 29. Qxa6 Nxb1 30. Rxb1 Qe1+ 0-1

[Event "Sydney International Open"]
[Site "*"]
[Date "2007.04.14"]
[Round "9.68"]
[White "Kumar, Karishma"]
[Black "Tulic, Ido"]
[Result "1-0"]
[WhiteElo "755"]
[BlackElo "1450"]
[PlyCount "73"]

1. d4 d5 2. Nf3 Nc6 3. c4 dxc4 4. Nc3 e6 5. e3 Bd6 6. Bxc4 Bd7 7. O-O Nf6 8. e4
Nh5 9. Ng5 g6 10. d5 Ne5 11. Be2 Ng7 12. Qd4 f6 13. Nf3 Nxf3+ 14. Bxf3 e5 15.
Qe3 h5 16. Qd3 a6 17. Be3 b5 18. Qd2 Qe7 19. a4 bxa4 20. Nxa4 g5 21. Qc2 g4 22.
Be2 h4 23. g3 hxg3 24. fxg3 Kf7 25. Nc5 Rh3 26. Nxd7 Qxd7 27. Rxa6 Rah8 28. Rf2
Nh5 29. Qd1 Nxg3 30. Bxg4 Qb5 31. Bxh3 Nxe4 32. Be6+ Ke7 33. Rxd6 cxd6 34. Rg2
Qe8 35. Qg4 f5 36. Qg7+ Kd8 37. Bb6# 1-0